Ideas econm̤icas mn̕imas

Detalles Bibliográficos
Autor principal: Castaǫ Tamayo, Ramn̤ Abel
Otros Autores: Gonzl̀ez Gonzl̀ez, Humberto
Formato: eBook
Lenguaje:español
Publicado: Bogot ̀: Ecoe ediciones, 2011
Colección:Ciencias Administrativas. Economa̕
Materias:
Acceso en línea:Acceso restringido

MARC

LEADER 00000nam a22000007a 4500
005 20120402120536.0
007 cr|||| ||||
008 120402s2011 co |||||s|||| 00||0 spa d
020 |a 978-958-648-682-8 
035 |a 6243 
040 |a vLex 
090 |c 3114  |d 3114 
100 1 |a Castaǫ Tamayo, Ramn̤ Abel 
245 1 0 |a Ideas econm̤icas mn̕imas  |h [Recurso electrn̤ico] /  |c Ramn̤ Abel Castaǫ Tamayo, Humberto Gonzl̀ez Gonzl̀ez  
256 |a Servicio en ln̕ea 
260 |a Bogot ̀:  |b Ecoe ediciones,  |c 2011 
300 |a 1 recurso electrn̤ico 
490 0 |a Ciencias Administrativas. Economa̕  
500 |a Esta edicin̤ actualizada de IDEAS ECONÓMICAS MÍNIMAS es un ameno y didc̀tico texto de introduccin̤ a la econm̤ia, y como tal trata, en forma muy completa aunque elemental, todos los temas relacionados con la materia, a saber: los problemas de la estructura econm̤ica y del proceso de produccin̤; las leyes del mercado; una suscinta presentacin̤ del Sistema de cuentas nacionales y la descripcin̤ de los grandes flujos del producto social, del ingreso nacional, del consumo, del ahorro, de la inversin̤ y su dinm̀ica. 
506 1 |a Contenido solo disponible en los productos indicados  |d vLex Global   |d vLex Global (Academic Edition, excluding Law Schools)   |d vLex Global (U.S. Academic Edition, Law Schools)   |d vLex Global (U.S. Academic Edition, excluding Law Schools)   |d vLex Global (Academic Edition, Law Schools)  
650 0 4 |a Economa̕  |z Colombia 
700 1 |a Gonzl̀ez Gonzl̀ez, Humberto 
740 0 |a vLex Libros (Servicio en ln̕ea) 
856 4 0 |u http://vlex.com/source/ideas-economicas-minimas-6243  |z Acceso restringido 
942 |c BOOK 
999 0 |a Economics